Fulham players (2000-2010) - Statistics

General Stats
  • This quiz has been taken 3 times
  • The average score is 41 of 124
Answer Stats
Rank Player Positions Nationality Matches Goals (assists) Period % Correct
24 Brede Hangeland CB 84 2 (2) 2007-2010
100%
10 Carlos Bocanegra CB 116 8 (0) 2003-2008
100%
22 Collins John ST 95 20 (2) 2003-2008
100%
20 Danny Murphy CM 96 15 (8) 2007-2010
100%
43 Dickson Etuhu DM 41 1 (0) 2008-2010
100%
6 Edwin van der Sar GK 127 0 (0) 2001-2005
100%
29 John Collins LM 66 3 (0) 2000-2003
100%
11 Louis Saha ST 116 53 (8) 2000-2004
100%
1 Luís Boa Morte LM 205 44 (28) 2000-2007
100%
26 Papa Bouba Diop CM 76 8 (2) 2004-2008
100%
2 Steed Malbranque CM 172 32 (20) 2001-2006
100%
103 Wayne Collins CM 5 0 (0) 2000-2001
100%
35 Zoltán Gera AM 59 4 (3) 2008-2010
100%
18 Aaron Hughes CB 102 0 (0) 2007-2010
50%
100 Ahmad Elrich RM 6 0 (0) 2005-2006
50%
62 Aleksey Smertin DM 22 2 (2) 2006-2008
50%
113 Andranik Teymourian CM 1 0 (0) 2008-2009
50%
57 Andrejs Stolcers AM 25 2 (1) 2000-2003
50%
46 Andy Johnson ST 39 7 (5) 2008-2010
50%
31 Antti Niemi GK 62 0 (0) 2005-2008
50%
14 Barry Hayles ST 110 31 (12) 2000-2004
50%
79 Bjørn Helge Riise CM 12 0 (0) 2009-2010
50%
114 Björn Runström ST 1 0 (0) 2006-2007
50%
32 Bobby Zamora ST 62 10 (9) 2008-2010
50%
4 Brian McBride ST 140 32 (3) 2003-2008
50%
33 Chris Baird DM 60 0 (2) 2007-2010
50%
49 Claus Jensen AM 35 4 (6) 2004-2007
50%
15 Clint Dempsey CF 110 21 (7) 2006-2010
50%
50 Damien Duff RM 32 6 (6) 2009-2010
50%
52 David Healy ST 30 4 (0) 2007-2008
50%
116 David Stockdale GK 1 0 (0) 2009-2010
50%
90 Dean Leacock CB 9 0 (0) 2003-2004, 2005-2006
50%
76 Dejan Stefanovic CB 13 0 (0) 2007-2008
50%
41 Diomansy Kamara RW 49 10 (3) 2007-2010
50%
94 Eddie Johnson ST 8 0 (0) 2007-2008, 2009-2010
50%
83 Elvis Hammond ST 11 0 (0) 2002-2003, 2004-2005
50%
39 Erik Nevland ST 52 9 (6) 2007-2010
50%
56 Facundo Sava ST 27 6 (0) 2002-2004
50%
54 Franck Queudrue LB 29 1 (4) 2006-2007
50%
67 Hamer Bouazza RW 20 1 (2) 2007-2008
50%
36 Heidar Helguson ST 57 12 (4) 2005-2007
50%
37 Ian Pearce CB 57 1 (1) 2003-2008
50%
97 Jan Lastuvka GK 8 0 (0) 2006-2007
50%
47 Jimmy Bullard CM 39 6 (7) 2006-2009
50%
34 John Paintsil RB 59 0 (1) 2008-2010
50%
44 Junichi Inamoto DM 41 4 (1) 2002-2004
50%
77 Kasey Keller GK 13 0 (0) 2007-2008
50%
70 Ki-hyeon Seol RW 18 1 (1) 2007-2010
50%
69 Leon Andreasen CM 19 0 (0) 2007-2009
50%
30 Maik Taylor GK 64 0 (0) 2000-2003
50%
68 Mark Crossley GK 20 0 (1) 2003-2006
50%
42 Mark Pembridge LM 45 1 (2) 2003-2006
50%
27 Mark Schwarzer GK 75 0 (0) 2008-2010
50%
45 Michael Brown CM 41 0 (0) 2005-2007
50%
7 Moritz Volz RB 125 2 (3) 2003-2008
50%
72 Niclas Jensen LB 16 0 (1) 2005-2006
50%
21 Paul Konchesky LB 96 2 (3) 2007-2010
50%
48 Philippe Christanval CB 36 1 (0) 2005-2008
50%
87 Shefki Kuqi ST 10 0 (1) 2007-2008
50%
19 Simon Davies RM 101 9 (17) 2006-2010
50%
81 Simon Elliott DM 12 0 (0) 2005-2006
50%
12 Steve Finnan RB 115 2 (5) 2000-2003
50%
38 Steve Marlet ST 55 11 (1) 2001-2004
50%
5 Sylvain Legwinski CM 128 8 (1) 2001-2006
50%
17 Tomasz Radzinski ST 103 10 (4) 2004-2007
50%
65 Tony Warner GK 21 0 (0) 2005-2006, 2007-2008
50%
124 Wayne Brown AM 1 0 (0) 2008-2009
50%
3 Zat Knight CB 150 3 (3) 2001-2008
50%
66 Zesh Rehman CB 21 0 (0) 2003-2006
50%
64 Abdeslam Ouaddou CB 21 0 (0) 2001-2003
0%
93 Adam Green LB 8 0 (0) 2003-2005
0%
9 Alain Goma CB 117 0 (0) 2000-2006
0%
107 Alan Neilson CB 3 0 (0) 2000-2001
0%
51 Andy Cole ST 31 12 (3) 2004-2005
0%
13 Andy Melville CB 113 1 (0) 2000-2004
0%
109 Billy McKinlay RM 2 0 (0) 2004-2005
0%
28 Bjarne Goldbaek CM 67 3 (5) 2000-2003
0%
89 Bobby Petta LM 9 0 (0) 2003-2004
0%
104 Calum Willock ST 4 0 (0) 2000-2003
0%
58 Chris Coleman CB 25 0 (1) 2000-2001
0%
75 Chris Smalling CB 13 0 (0) 2008-2010
0%
115 Darren Pratley CM 1 0 (0) 2003-2004
0%
85 David Elm ST 10 1 (1) 2009-2010
0%
95 Eddie Lewis LM 8 0 (0) 2000-2002
0%
96 Elliot Omozusi RB 8 0 (0) 2007-2008
0%
53 Fabrice Fernandes LW 29 2 (5) 2000-2001
0%
105 Fredrik Stoor Siekkinen RB 4 0 (0) 2008-2010
0%
71 Jérôme Bonnissel LB 16 0 (1) 2003-2004
0%
61 Jonathan Greening CM 23 1 (1) 2009-2010
0%
59 Jon Harley LB 25 1 (0) 2001-2004
0%
117 Julian Gray ST 1 0 (0) 2008-2009
0%
80 Kagisho Dikgacoi CM 12 0 (0) 2009-2010
0%
73 Karl-Heinz Riedle ST 14 1 (2) 2000-2001
0%
101 Kevin Betsy LM 6 0 (0) 2000-2002
0%
55 Kit Symons CB 28 0 (1) 2000-2002
0%
16 Lee Clark CM 107 12 (12) 2000-2005
0%
118 Liam Fontaine CB 1 0 (0) 2004-2005
0%
25 Liam Rosenior RB 79 0 (3) 2004-2007
0%
108 Malik Buari RM 3 0 (0) 2003-2004
0%
110 Marcus Hahnemann GK 2 0 (0) 2000-2001
0%
40 Martin Djetou CB 51 1 (1) 2002-2004
0%
111 Martín Herrera GK 2 0 (0) 2002-2003
0%
119 Matthew Briggs CB 1 0 (0) 2006-2007
0%
120 Nathan Ashton LB 1 0 (0) 2007-2008
0%
91 Nicky Shorey LB 9 0 (0) 2009-2010
0%
99 Nicolas Sahnoun DM 7 0 (0) 2000-2001
0%
92 Olivier Dacourt DM 9 0 (0) 2008-2009
0%
78 Paul Stalteri RB 13 0 (0) 2007-2008
0%
86 Paul Trollope AM 10 0 (0) 2000-2001
0%
102 Peter Möller ST 5 1 (0) 2000-2001
0%
74 Pierre Womé LB 14 1 (0) 2002-2003
0%
121 Rob Milsom LB 1 0 (0) 2008-2009
0%
23 Rufus Brevett LB 94 0 (4) 2000-2003
0%
8 Sean Davis DM 122 14 (5) 2000-2004
0%
122 Simon Morgan RB 1 0 (0) 2000-2001
0%
84 Stefano Okaka ST 11 2 (0) 2009-2010
0%
98 Stephen Kelly RB 8 0 (0) 2009-2010
0%
123 Steve Hayward CM 1 0 (0) 2000-2001
0%
63 Steven Davis CM 22 0 (1) 2007-2008
0%
112 Terry Phelan LB 2 0 (0) 2000-2001
0%
106 Toni Kallio CB 4 0 (0) 2008-2010
0%
88 Vincenzo Montella ST 10 2 (0) 2006-2007
0%
82 Wayne Bridge LB 12 0 (1) 2005-2006
0%
60 Wayne Routledge LW 24 0 (1) 2006-2007
0%
No matching quizzes found
Score Distribution
Percent of People with Each Score
Percentile by Number Answered
Your Score History
You have not taken this quiz